Северные новеллы: для среднего и старшего школьного возраста

Podrobná bibliografie
Hlavní autor: Марысаев Е. К. Евгений Клеоникович
Další autoři: Ушаков И. Л. (иллюстратор)
Jazyk:ruština
Vydáno: Москва, Детская литература, 1990
Vydání:2-е изд.
Témata:
Médium: MixedMaterials Kniha
KOHA link:https://koha.lib.tpu.ru/cgi-bin/koha/opac-detail.pl?biblionumber=144336

MARC

LEADER 00000nam0a2200000 4500
001 144336
005 20231031143619.0
010 |a 5080015713 
020 |a RU  |b 90-1969 
035 |a (RuTPU)RU\TPU\book\156422 
090 |a 144336 
100 |a 20081002d1990 de y0rusy5003 ca 
101 0 |a rus 
102 |a RU 
105 |a a z 000ay 
200 1 |a Северные новеллы  |e для среднего и старшего школьного возраста  |f Е. К. Марысаев  |g худож. И. Л. Ушаков 
205 |a 2-е изд. 
210 |a Москва  |c Детская литература  |d 1990 
215 |a 205,[2] с.  |c ил.  |d 21 см 
610 1 |a Природа - Север СССР 
610 1 |a советская литература 
610 1 |a рассказы 
675 |a Р2  |z rus 
700 1 |a Марысаев  |b Е. К.  |g Евгений Клеоникович  |4 070 
702 1 |a Ушаков  |b И. Л.  |4 440 
801 0 |a RU  |b RuMRKP  |c 19950417  |g psbo 
801 1 |a RU  |b 63413507  |c 20081002  |g PSBO 
801 2 |a RU  |b 63413507  |c 20081002  |g PSBO 
942 |c BK